[Event "Olexuv memorial 2016"]
[Site "?"]
[Date "2016.12.27"]
[Round "3.9"]
[White "Richterova, Julie"]
[Black "Hladky, Jiri"]
[Result "1-0"]
[WhiteElo "1779"]
[BlackElo "1304"]
[PlyCount "77"]
[SourceDate "2016.12.27"]

1. d4 Nf6 2. c4 e6 3. Nc3 d5 4. cxd5 exd5 5. Bg5 Be7 6. Nf3 O-O 7. e3 b6 8. Be2
Bb7 9. O-O Nbd7 10. Rc1 h6 11. Bh4 Rc8 12. Qa4 a6 13. b4 c5 14. bxc5 bxc5 15.
dxc5 Nxc5 16. Qd4 Ne6 17. Qd1 Qa5 18. Qb3 Nc5 19. Qb2 Rfd8 20. Rfd1 Ba8 21. Nd4
Nce4 22. Nb1 Rxc1 23. Rxc1 g6 24. Nb3 Qa4 25. f3 Nc3 26. Qxc3 Qxh4 27. Bxa6 Bb4
28. Qc7 Nh7 29. Nd4 Qf6 30. Nc6 Bxc6 31. Qxc6 Qe5 32. Qb6 Rb8 33. Qa7 Kg7 34.
Rc7 Ng5 35. f4 Qe4 36. fxg5 Qxb1+ 37. Bf1 Bd6 38. Rxf7+ Kg8 39. Rg7+ 1-0

[Event "Olexuv memorial 2016"]
[Site "?"]
[Date "2016.12.27"]
[Round "3.10"]
[White "Doskar, Miloslav"]
[Black "Hala, Pavel"]
[Result "1-0"]
[WhiteElo "1652"]
[BlackElo "1684"]
[PlyCount "65"]
[SourceDate "2016.12.27"]

1. Nf3 d6 2. d4 e6 3. c4 Nf6 4. Bg5 Be7 5. Nc3 h6 6. Bxf6 Bxf6 7. e4 a6 8. e5
dxe5 9. dxe5 Qxd1+ 10. Rxd1 Be7 11. a3 Nc6 12. Bd3 O-O 13. O-O b6 14. Be4 Bb7
15. Rd7 Rad8 16. Rxc7 Bg5 17. Bxc6 Bc8 18. Nxg5 hxg5 19. Ne4 Rd4 20. Nd6 f5 21.
Rxc8 Rd2 22. Rxf8+ Kxf8 23. b4 Re2 24. Bb7 Rxe5 25. Bxa6 Ke7 26. Nc8+ Kf6 27.
Nxb6 Re2 28. c5 Rc2 29. b5 g4 30. Nd7+ Ke7 31. Rd1 g5 32. b6 e5 33. b7 1-0

[Event "Olexuv memorial 2016"]
[Site "?"]
[Date "2016.12.27"]
[Round "3.11"]
[White "Richterova, Natasa"]
[Black "Hladky, Tadeas"]
[Result "0-1"]
[WhiteElo "1274"]
[BlackElo "1264"]
[PlyCount "134"]
[SourceDate "2016.12.27"]

1. d4 Nf6 2. Bf4 e6 3. Nf3 d5 4. e3 c5 5. c3 Nc6 6. Bd3 Qb6 7. Qb3 Qa5 8. O-O
c4 9. Bxc4 dxc4 10. Qxc4 Qb6 11. b4 Be7 12. Nbd2 Bd7 13. Nb3 Rc8 14. Qd3 O-O
15. a3 a6 16. c4 Na7 17. c5 Qb5 18. Rfd1 Qxd3 19. Rxd3 Nd5 20. Bg3 Rfd8 21. e4
Nf6 22. Re3 Bc6 23. Nfd2 Nb5 24. f3 Nxd4 25. Nxd4 Rxd4 26. Nb3 Rd7 27. a4 Rcd8
28. Ree1 Nh5 29. Bf2 Nf4 30. Na5 Bf6 31. e5 Nd3 32. exf6 Nxe1 33. Bxe1 gxf6 34.
Kf2 Rd1 35. Nxc6 bxc6 36. Rxd1 Rxd1 37. a5 e5 38. Ke2 Rd5 39. Ke3 f5 40. Bc3
Kg7 41. f4 f6 42. g3 Kf7 43. Ke2 Ke6 44. Ke3 Rd1 45. Kf2 Rd3 46. Be1 Kd5 47.
Ke2 Kc4 48. Bd2 Rxd2+ 49. Kxd2 Kxb4 50. Kd3 Kxc5 51. h3 Kb4 52. g4 c5 53. fxe5
fxe5 54. gxf5 c4+ 55. Kc2 Kc5 56. f6 Kd6 57. Kc3 Ke6 58. f7 Kxf7 59. Kxc4 Kf6
60. Kd3 Kf5 61. Ke3 e4 62. Ke2 Kf4 63. Kf2 h6 64. Ke2 Kg3 65. h4 Kxh4 66. Ke3
Kg3 67. Kxe4 h5 0-1

[Event "Olexuv memorial 2016"]
[Site "?"]
[Date "2016.12.27"]
[Round "3.12"]
[White "Koci, Milos"]
[Black "Dvorak, Vlastimil"]
[Result "1/2-1/2"]
[WhiteElo "1250"]
[BlackElo "1000"]
[PlyCount "67"]
[EventDate "2016.12.27"]
[SourceDate "2016.12.27"]

1. d4 d5 2. Bf4 Nc6 3. e3 Nf6 4. Nf3 Bg4 5. Nbd2 Ne4 6. Bd3 Nxd2 7. Qxd2 e6 8.
Be2 Bd6 9. Bxd6 Qxd6 10. O-O O-O 11. a3 b6 12. c4 Na5 13. cxd5 Nb3 14. Qd3 Nxa1
15. Ng5 Bf5 16. e4 Bg6 17. Rxa1 h6 18. Nf3 Rae8 19. Ne5 Bh7 20. dxe6 Rxe6 21.
Qc3 Kh8 22. f4 f5 23. Bh5 Ref6 24. Nc4 Qc6 25. e5 Re6 26. Rc1 Qd5 27. Bf3 Qd8
28. d5 Re7 29. e6 Bg6 30. h3 a6 31. Ne5 Be8 32. Qd3 Qd6 33. Qxa6 g5 34. Qd3
1/2-1/2

[Event "Olexuv memorial 2016"]
[Site "?"]
[Date "2016.12.27"]
[Round "3.13"]
[White "Richter, Rudolf"]
[Black "Brda, Vlastimil"]
[Result "1-0"]
[WhiteElo "1176"]
[BlackElo "1234"]
[PlyCount "105"]
[EventDate "2016.12.27"]
[SourceDate "2016.12.27"]

1. Nf3 b6 2. c4 Bb7 3. Nc3 e6 4. d4 Be7 5. Bf4 Nf6 6. e3 Ne4 7. Qc2 Nxc3 8.
Qxc3 f6 9. d5 Na6 10. a3 e5 11. Bg3 Nc5 12. b4 Ne4 13. Qd3 Nxg3 14. hxg3 d6 15.
Rxh7 Rxh7 16. Qxh7 Bf8 17. Bd3 Qd7 18. Qg8 Qg4 19. Qh7 Bc8 20. Qg6+ Qxg6 21.
Bxg6+ Ke7 22. e4 Bd7 23. O-O-O Ba4 24. Rd3 c5 25. g4 cxb4 26. axb4 Bd7 27. g5
Rc8 28. Rc3 Bg4 29. Bf5 Bxf5 30. exf5 fxg5 31. Nxg5 Kf6 32. Ne6 Be7 33. g4 a5
34. bxa5 bxa5 35. Kd2 g5 36. fxg6 Kxg6 37. f3 Bf6 38. Ke3 e4 39. Rc2 exf3 40.
Nf4+ Kf7 41. Kxf3 a4 42. Ne6 a3 43. Ke4 Ke7 44. Nd4 Kd7 45. Nb5 Re8+ 46. Kd3
Bg5 47. Ra2 Bc1 48. Kc2 Re2+ 49. Kb1 Re1 50. Rc2 Bb2+ 51. Ka2 Ra1+ 52. Kb3 Rb1
53. Nxa3 1-0

[Event "Olexuv memorial 2016"]
[Site "?"]
[Date "2016.12.27"]
[Round "3.5"]
[White "Kriz, Tomas"]
[Black "Zacek, Petr"]
[Result "1/2-1/2"]
[WhiteElo "1432"]
[BlackElo "2009"]
[PlyCount "113"]
[EventDate "2016.12.27"]
[SourceDate "2016.12.28"]

1. e4 e5 2. Nf3 Nc6 3. Nc3 Nf6 4. Bb5 Bb4 5. d3 d6 6. h3 h6 7. O-O O-O 8. Be3
Be6 9. Ne2 Ne7 10. c3 Ba5 11. Qc2 c5 12. Rfd1 Rc8 13. Bc4 d5 14. exd5 Nexd5 15.
Bxd5 Nxd5 16. Qd2 Qf6 17. Ng3 Bxh3 18. Ne4 Qg6 19. Ng3 Bg4 20. Nxe5 Qe6 21.
Nxg4 Qxg4 22. d4 Rfe8 23. Nf1 Rcd8 24. Qc2 Nxe3 25. Nxe3 Qh5 26. dxc5 Bc7 27.
Nf1 Qxc5 28. Rxd8 Rxd8 29. Rd1 Re8 30. Rd2 Qh5 31. Qd1 Qb5 32. b3 Bb6 33. c4
Qe5 34. Qf3 Re7 35. Qd3 g6 36. Qf3 a5 37. Qd3 h5 38. Qf3 Qa1 39. Qd1 Qc3 40.
Rd8+ Kg7 41. Rd2 Bc5 42. Re2 a4 43. Rxe7 Bxe7 44. Ne3 Bc5 45. Nf1 Qb2 46. Qd2
Qa1 47. bxa4 Bd4 48. Qc2 b6 49. a5 bxa5 50. c5 Qe1 51. c6 Qe6 52. a4 Kf8 53.
Qc1 Qf6 54. Qe1 Qxc6 55. Qxa5 Qf6 56. Qd2 Bc3 57. Qh6+ 1/2-1/2

[Event "Olexuv memorial 2016"]
[Site "?"]
[Date "2016.12.28"]
[Round "4.1"]
[White "Marsa, Alexandr"]
[Black "Veznik, Michael"]
[Result "0-1"]
[WhiteElo "1906"]
[BlackElo "1780"]
[PlyCount "78"]
[EventDate "2016.12.27"]
[SourceDate "2016.12.28"]

1. d4 d5 2. c4 e6 3. Nc3 Nf6 4. Bg5 Be7 5. e3 O-O 6. Nf3 b6 7. cxd5 exd5 8. Qc2
Bb7 9. Bd3 Nbd7 10. O-O-O Ne4 11. h4 Ndf6 12. Bxf6 Nxf6 13. g4 Re8 14. g5 Ne4
15. Nxe4 dxe4 16. Bxe4 Bxe4 17. Qxe4 Bxg5 18. Qf5 Bf6 19. Ng5 g6 20. Qf4 Qe7
21. Kb1 a5 22. Rc1 c5 23. d5 Rad8 24. Rcd1 Rd6 25. f3 Be5 26. Qc4 Rd7 27. Ne4
f5 28. Ng5 b5 29. Qc2 c4 30. Ne6 Qb4 31. h5 c3 32. hxg6 hxg6 33. Rdg1 Qxb2+ 34.
Qxb2 cxb2 35. Rxg6+ Kf7 36. Rh7+ Kxg6 37. Rxd7 Rc8 38. Nd4 Rc3 39. Nc2 Rd3 0-1

[Event "Olexuv memorial 2016"]
[Site "?"]
[Date "2016.12.28"]
[Round "4.3"]
[White "Vavrousek, Petr"]
[Black "Borovicka, Bohumil"]
[Result "1/2-1/2"]
[WhiteElo "1759"]
[BlackElo "1991"]
[PlyCount "68"]
[EventDate "2016.12.27"]
[SourceDate "2016.12.28"]

1. e4 d5 2. exd5 Qxd5 3. Nc3 Qd6 4. d3 Nf6 5. Be2 Nc6 6. Nf3 Bg4 7. O-O e6 8.
Be3 Be7 9. Nb5 Qd7 10. Bf4 Rc8 11. Nc3 O-O 12. h3 Bh5 13. Qe1 Rfe8 14. a3 b6
15. Rd1 Nd5 16. Bc1 Bxf3 17. Bxf3 Nd4 18. Bxd5 exd5 19. Qd2 h6 20. Rde1 c5 21.
Qd1 Bf6 22. Ne2 Rxe2 23. Rxe2 Nxe2+ 24. Qxe2 Re8 25. Qd1 Qe6 26. c3 b5 27. Bd2
Qf5 28. Re1 Re6 29. Re3 a6 30. Rf3 Qe5 31. Re3 Qd6 32. Rxe6 Qxe6 33. Kf1 Kf8
34. Qf3 Kg8 1/2-1/2

[Event "Olexuv memorial 2016"]
[Site "?"]
[Date "2016.12.28"]
[Round "4.2"]
[White "Krejci, Petr"]
[Black "Snorek, Milan"]
[Result "1-0"]
[WhiteElo "2049"]
[BlackElo "2012"]
[PlyCount "103"]
[EventDate "2016.12.27"]
[SourceDate "2016.12.28"]

1. Nf3 d5 2. g3 c6 3. Bg2 Nf6 4. O-O Bf5 5. d3 e6 6. Nbd2 Nbd7 7. c4 Be7 8. Qc2
h6 9. a3 a5 10. b3 O-O 11. Bb2 Bh7 12. Rac1 Qb6 13. Nb1 Rfc8 14. Bd4 Qc7 15.
cxd5 exd5 16. Nfd2 Qd8 17. e4 dxe4 18. dxe4 c5 19. Bb2 Qb6 20. a4 Nd5 21. Qd3
N7f6 22. Nc4 Qa6 23. Qe2 Nb4 24. Nc3 Rd8 25. Rcd1 Qe6 26. f4 Ne8 27. f5 Qa6 28.
e5 Rxd1 29. Qxd1 Rd8 30. Qe2 Bf8 31. g4 Nc7 32. Rd1 Rd4 33. Ne4 Rxd1+ 34. Qxd1
b5 35. axb5 Nxb5 36. Qd8 Nc6 37. Qd7 Ncd4 38. Ned6 Nxd6 39. exd6 Ne2+ 40. Kf1
Nf4 41. Bc6 a4 42. Bxa4 Qa8 43. Qc6 Qd8 44. d7 Qe7 45. Qf3 g5 46. fxg6 Bxg6 47.
Ne5 Ne6 48. Nxg6 fxg6 49. Qf6 Qf7 50. Ke1 Qe7 51. Kf1 Nd4 52. Bxd4 1-0

[Event "Olexuv memorial 2016"]
[Site "?"]
[Date "2016.12.28"]
[Round "4.4"]
[White "Pelikan, Jaromir"]
[Black "Effenberger, Adam"]
[Result "0-1"]
[WhiteElo "1832"]
[BlackElo "1868"]
[PlyCount "102"]
[EventDate "2016.12.27"]
[SourceDate "2016.12.28"]

1. d4 Nf6 2. Nf3 d5 3. c4 e6 4. g3 Bb4+ 5. Bd2 Be7 6. Nc3 c6 7. Bg2 Nbd7 8.
cxd5 exd5 9. O-O O-O 10. Qc2 Re8 11. e4 dxe4 12. Ng5 Nb6 13. Qb3 Nfd5 14. Ngxe4
Be6 15. Qd1 Nc4 16. Bc1 b6 17. b3 Nd6 18. Bb2 Nxe4 19. Nxe4 Rc8 20. Nc3 Nxc3
21. Bxc3 Bd5 22. Bxd5 Qxd5 23. Qd3 Bf6 24. Rad1 g6 25. Rfe1 Rxe1+ 26. Rxe1 Rd8
27. Qa6 Qd7 28. Qc4 h5 29. Rd1 h4 30. Qd3 h3 31. f4 Qd5 32. Qf1 Qe4 33. Re1
Bxd4+ 34. Bxd4 Qxd4+ 35. Kh1 Qd2 36. Re2 Qd1 37. Re1 Qh5 38. Qf2 Rd1 39. Kg1
Qd5 40. Rxd1 Qxd1+ 41. Qf1 Qxf1+ 42. Kxf1 f5 43. Ke2 Kf7 44. Kd3 Ke6 45. Kc4
Kd6 46. Kd4 c5+ 47. Kc4 Kc6 48. a3 b5+ 49. Kc3 Kd5 50. Kd3 c4+ 51. bxc4+ bxc4+
0-1

[Event "Olexuv memorial 2016"]
[Site "?"]
[Date "2016.12.28"]
[Round "4.5"]
[White "Micka, Norbert"]
[Black "Richterova, Julie"]
[Result "1/2-1/2"]
[WhiteElo "1836"]
[BlackElo "1779"]
[PlyCount "80"]
[EventDate "2016.12.27"]
[SourceDate "2016.12.28"]

1. Nf3 d5 2. d4 c5 3. c4 dxc4 4. e3 Bg4 5. Bxc4 Nf6 6. h3 Bh5 7. O-O e6 8. Nc3
Nc6 9. Bb5 Qb6 10. g4 Bg6 11. Ne5 Ne4 12. Qa4 Rc8 13. f3 Nxc3 14. bxc3 Be7 15.
Bxc6+ bxc6 16. Nxg6 hxg6 17. Kg2 Qb5 18. Qc2 cxd4 19. c4 Qe5 20. exd4 Qxd4 21.
Bb2 Qf4 22. Bc1 Qf6 23. Rb1 Bd6 24. f4 Bc5 25. Rf3 O-O 26. Bb2 Bd4 27. g5 Qd8
28. Rd1 c5 29. Bxd4 cxd4 30. Rfd3 e5 31. h4 f6 32. c5 Qd5+ 33. Kh2 Qxc5 34.
Qb3+ Qc4 35. gxf6 gxf6 36. fxe5 fxe5 37. Qxc4+ Rxc4 38. Rg1 Kh7 39. Rdg3 Rc2+
40. Kh1 Rff2 1/2-1/2

[Event "Olexuv memorial 2016"]
[Site "?"]
[Date "2016.12.28"]
[Round "4.7"]
[White "Kriz, Tomas"]
[Black "Spodny, Josef"]
[Result "0-1"]
[WhiteElo "1432"]
[BlackElo "1906"]
[PlyCount "82"]
[EventDate "2016.12.27"]
[SourceDate "2016.12.28"]

1. e4 c5 2. Nf3 Nc6 3. d4 cxd4 4. Nxd4 Qb6 5. Nxc6 bxc6 6. Be2 d6 7. O-O Nf6 8.
Nc3 g6 9. Rb1 Ba6 10. Bxa6 Qxa6 11. Be3 Bg7 12. f3 O-O 13. Qd2 Rfd8 14. Rfd1
Qa5 15. b3 Nd7 16. Na4 Qxd2 17. Rxd2 c5 18. c4 Ne5 19. Rbd1 Nc6 20. Kf1 Rf8 21.
Nb2 Bd4 22. Bf2 e5 23. Nd3 a5 24. Bxd4 Nxd4 25. Nb2 f5 26. Re1 f4 27. Na4 g5
28. Kf2 h5 29. h3 Ra7 30. Nc3 Kf7 31. Red1 Ke6 32. Re1 Rg7 33. Rg1 g4 34. Ne2
gxf3 35. Nxd4+ exd4 36. gxf3 Rxg1 37. Kxg1 Rg8+ 38. Kh2 Rg3 39. Rf2 Ke5 40. h4
d3 41. a4 Kd4 0-1

[Event "Olexuv memorial 2016"]
[Site "?"]
[Date "2016.12.28"]
[Round "4.8"]
[White "Divis, Jan"]
[Black "Doskar, Miloslav"]
[Result "1/2-1/2"]
[WhiteElo "1634"]
[BlackElo "1653"]
[PlyCount "31"]
[EventDate "2016.12.27"]
[SourceDate "2016.12.28"]

1. d4 d5 2. Bf4 Nf6 3. e3 e6 4. Nd2 Nc6 5. Ngf3 h6 6. c3 Bd6 7. Ne5 Ne7 8. Bg3
Nf5 9. Bb5+ Nd7 10. Qh5 Bxe5 11. dxe5 c6 12. Bd3 Nxg3 13. hxg3 Nc5 14. Qe2 Bd7
15. Bc2 Qe7 16. Qg4 1/2-1/2

[Event "Olexuv memorial 2016"]
[Site "?"]
[Date "2016.12.28"]
[Round "4.11"]
[White "Hala, Pavel"]
[Black "Richter, Rudolf"]
[Result "1/2-1/2"]
[WhiteElo "1684"]
[BlackElo "1173"]
[PlyCount "99"]
[EventDate "2016.12.27"]
[SourceDate "2016.12.28"]

1. c4 d5 2. cxd5 Qxd5 3. e3 Nf6 4. Nc3 Qd6 5. h3 e5 6. Nge2 b6 7. Ng3 Bb7 8. f3
c5 9. Be2 g6 10. O-O Bg7 11. e4 O-O 12. Nb5 Qd7 13. Kh2 a6 14. Na3 b5 15. Nc2
Nc6 16. b3 Nd4 17. Bb2 Nxe2 18. Qxe2 Rfe8 19. Rad1 Rad8 20. d3 Bh6 21. Nh1 Nh5
22. g3 Rc8 23. Ne3 Rc6 24. Ng4 Bg7 25. Qe3 f5 26. Ngf2 f4 27. Qe1 Rf6 28. Bc1
g5 29. g4 Ng3 30. Rg1 Nxh1 31. Rxh1 Qd4 32. Qd2 Qd7 33. Bb2 Rd6 34. Qe2 Rd8 35.
Kg2 Bf6 36. Rd2 Qc7 37. Rhd1 R8d7 38. Bc3 b4 39. Bb2 Qd8 40. Rc2 Rc6 41. Rdc1
Rdc7 42. a3 a5 43. Rd1 Rd7 44. a4 Ba6 45. Rcd2 Rcd6 46. Bc1 h6 47. Kg1 Kf7 48.
Kf1 Ke6 49. Ke1 Ke7 50. Bb2 1/2-1/2

[Event "Olexuv memorial 2016"]
[Site "?"]
[Date "2016.12.28"]
[Round "4.12"]
[White "Dvorak, Vlastimil"]
[Black "Richterova, Natasa"]
[Result "1-0"]
[WhiteElo "1000"]
[BlackElo "1274"]
[PlyCount "49"]
[EventDate "2016.12.27"]
[SourceDate "2016.12.28"]

1. e4 d5 2. d3 e5 3. Nf3 Bg4 4. Be2 f6 5. Nc3 d4 6. Nd5 c6 7. Nxf6+ gxf6 8. h3
Bh5 9. Nh4 Bxe2 10. Qxe2 Qd7 11. Qh5+ Qf7 12. Qf5 Nd7 13. Bd2 O-O-O 14. a4 Kb8
15. a5 a6 16. O-O Ne7 17. Qf3 Rg8 18. b4 Rc8 19. Rfe1 Bg7 20. c3 Nf8 21. cxd4
exd4 22. Nf5 Nxf5 23. Qxf5 Qg6 24. Bf4+ Ka8 25. Qxc8+ 1-0

[Event "Olexuv memorial 2016"]
[Site "?"]
[Date "2016.12.28"]
[Round "4.13"]
[White "Brda, Vlastimil"]
[Black "Koci, Milos"]
[Result "0-1"]
[WhiteElo "1234"]
[BlackElo "1250"]
[PlyCount "119"]
[EventDate "2016.12.27"]
[SourceDate "2016.12.28"]

1. d4 d5 2. g3 Nf6 3. Bg2 c6 4. Nf3 Bf5 5. Ne5 Nbd7 6. Nd3 Be4 7. f3 Bf5 8. Nf2
e5 9. O-O exd4 10. Qxd4 Bxc2 11. Bh3 Bc5 12. Qh4 Be7 13. Na3 Bg6 14. b4 Ne4 15.
Bxd7+ Qxd7 16. Qh3 Qxh3 17. Nxh3 Bf6 18. Rb1 Nc3 19. Rb2 Nb5 20. Nxb5 cxb5 21.
Rb3 Bc2 22. Re3+ Kf8 23. Kg2 g6 24. Ra3 Kg7 25. Rf2 Bf5 26. Nf4 Rhd8 27. e3 a6
28. e4 dxe4 29. Ne2 exf3+ 30. Rfxf3 Be4 31. Nf4 Bxf3+ 32. Rxf3 Rac8 33. Be3
Rc2+ 34. Kh3 Rc3 35. Ne2 Rc4 36. a3 Rd5 37. Nf4 Rd7 38. Bc5 Rc3 39. Rf1 Rxa3
40. Re1 Rd8 41. Re4 Rc3 42. Bb6 Rc4 43. Rxc4 bxc4 44. Bxd8 Bxd8 45. Nd5 Bf6 46.
Ne3 c3 47. Nc2 b6 48. Kg2 a5 49. bxa5 bxa5 50. h4 a4 51. Kf3 Be7 52. Kf4 a3 53.
Ke4 a2 54. Kd3 Bf6 55. Kc4 Be5 56. g4 f5 57. gxf5 gxf5 58. Kb3 f4 59. Kxa2 Kg6
60. Kb3 0-1

[Event "Olexuv memorial 2016"]
[Site "?"]
[Date "2016.12.29"]
[Round "5.1"]
[White "Veznik, Michael"]
[Black "Krejci, Petr"]
[Result "0-1"]
[WhiteElo "1780"]
[BlackElo "2012"]
[PlyCount "106"]
[EventDate "2016.12.27"]
[SourceDate "2016.12.29"]

1. e4 d5 2. exd5 Qxd5 3. Nc3 Qa5 4. d4 Nf6 5. Bd2 Qb6 6. Nf3 Bg4 7. Be2 Bxf3 8.
Bxf3 Nc6 9. Ne2 O-O-O 10. Be3 e5 11. Bxc6 Qxc6 12. O-O h5 13. c4 h4 14. d5 Qxc4
15. Rc1 Qa6 16. Nc3 h3 17. g3 Rd7 18. Qf3 Bb4 19. Rfd1 Bxc3 20. Rxc3 e4 21. Qf4
Qe2 22. Rcc1 Qf3 23. Qxf3 exf3 24. Bxa7 Rxd5 25. Rxd5 Nxd5 26. Bd4 f6 27. Kf1
Kd7 28. Rd1 c6 29. a3 Ke6 30. Ke1 Re8 31. Kd2 Kd6 32. Kd3 Re2 33. Rc1 Ke6 34.
Kc4 Kd6 35. b4 b5+ 36. Kb3 g5 37. Rd1 f5 38. Ba7 Ke6 39. Rc1 Kd7 40. Bc5 f4 41.
Rg1 Ne3 42. gxf4 gxf4 43. Rg7+ Ke6 44. Rh7 Nd1 45. Bd4 Kd5 46. Bf6 Nxf2 47. Bh4
Ne4 48. Rd7+ Ke5 49. Rd1 Rxh2 50. Rc1 f2 51. Bxf2 Rxf2 52. Rxc6 h2 53. Rh6 Ng3
0-1

[Event "Olexuv memorial 2016"]
[Site "?"]
[Date "2016.12.29"]
[Round "5.2"]
[White "Effenberger, Adam"]
[Black "Marsa, Alexandr"]
[Result "1-0"]
[WhiteElo "1868"]
[BlackElo "1906"]
[PlyCount "63"]
[EventDate "2016.12.27"]
[SourceDate "2016.12.29"]

1. e4 e6 2. d4 d5 3. Nc3 Bb4 4. e5 c5 5. a3 Bxc3+ 6. bxc3 Qc7 7. Qg4 f5 8. Bb5+
Kf7 9. Qg3 Ne7 10. Bd2 c4 11. Nf3 a6 12. Ng5+ Kf8 13. Ba4 b5 14. Qh3 h6 15. Rb1
Kg8 16. Nf3 Bd7 17. g4 Nbc6 18. Rg1 fxg4 19. Rxg4 Nf5 20. Ke2 Kf7 21. Qh5+ Ke7
22. Nh4 Rhg8 23. Rbg1 g5 24. Rxg5 Be8 25. Nxf5+ exf5 26. Qxh6 Rf8 27. Rg7+ Bf7
28. e6 Nd8 29. Bg5+ Ke8 30. e7 Ne6 31. exf8=Q+ Nxf8 32. Kd2 1-0

[Event "Olexuv memorial 2016"]
[Site "?"]
[Date "2016.12.29"]
[Round "5.4"]
[White "Spodny, Josef"]
[Black "Vavrousek, Petr"]
[Result "1-0"]
[WhiteElo "1906"]
[BlackElo "1759"]
[PlyCount "49"]
[EventDate "2016.12.27"]
[SourceDate "2016.12.29"]

1. d4 d5 2. Nf3 Nf6 3. e3 e6 4. Bd3 Nbd7 5. O-O c5 6. c3 c4 7. Bc2 b5 8. Nbd2
Bb7 9. Ne5 Bd6 10. f4 O-O 11. Qf3 Ne8 12. e4 Nef6 13. Nxd7 Nxd7 14. e5 Be7 15.
Qh3 f5 16. g4 g6 17. gxf5 gxf5 18. Qh6 Qb6 19. Rf3 Rf7 20. Rg3+ Kh8 21. Nf3 Bf8
22. Ng5 Re7 23. Qh5 h6 24. Nf7+ Kh7 25. Qg6# 1-0

[Event "Olexuv memorial 2016"]
[Site "?"]
[Date "2016.12.29"]
[Round "5.5"]
[White "Borovicka, Bohumil"]
[Black "Kasparek, Ondrej"]
[Result "1-0"]
[WhiteElo "1991"]
[BlackElo "1922"]
[PlyCount "55"]
[EventDate "2016.12.27"]
[SourceDate "2016.12.29"]

1. d4 Nf6 2. Nf3 e6 3. e3 d5 4. Bd3 c6 5. Nbd2 Bd6 6. O-O O-O 7. c4 Nbd7 8. e4
dxe4 9. Nxe4 Nxe4 10. Bxe4 Nf6 11. Bc2 h6 12. b3 Re8 13. Bb2 b6 14. Qd3 Bb7 15.
Rfd1 Qe7 16. a4 Rad8 17. Qe2 Bb8 18. Ne5 c5 19. a5 Qc7 20. axb6 axb6 21. f4 b5
22. Kh1 bxc4 23. bxc4 cxd4 24. Bxd4 Qe7 25. Ba4 Rxd4 26. Rxd4 Rc8 27. Bc2 Bc7
28. Rb1 1-0

[Event "Olexuv memorial 2016"]
[Site "?"]
[Date "2016.12.29"]
[Round "5.6"]
[White "Snorek, Milan"]
[Black "Divis, Jan"]
[Result "1-0"]
[WhiteElo "2049"]
[BlackElo "1634"]
[PlyCount "77"]
[EventDate "2016.12.27"]
[SourceDate "2016.12.29"]

1. d4 Nf6 2. c4 e6 3. Nf3 d5 4. cxd5 exd5 5. Nc3 c6 6. Bg5 Be7 7. Qc2 h6 8. Bf4
Nbd7 9. e3 Nh5 10. Be5 Nxe5 11. Nxe5 Nf6 12. Bd3 Be6 13. O-O Ng4 14. Nxg4 Bxg4
15. h3 Be6 16. f4 Qd6 17. b4 b5 18. a4 bxa4 19. Rxa4 O-O 20. Na2 f5 21. Ra6 Bd7
22. Rc1 Qb8 23. Rb1 Rc8 24. Bxf5 Bxf5 25. Qxf5 Qd6 26. Rc1 g6 27. Qc2 Qe6 28.
Qd3 Kg7 29. b5 g5 30. Raxc6 Rxc6 31. Rxc6 Qe4 32. Qxe4 dxe4 33. f5 Rf8 34. g4
h5 35. Nc3 hxg4 36. hxg4 Rb8 37. Nxe4 Bb4 38. Rc7+ Kg8 39. Nf6+ 1-0

[Event "Olexuv memorial 2016"]
[Site "?"]
[Date "2016.12.29"]
[Round "5.7"]
[White "Wunsch, Radek"]
[Black "Micka, Norbert"]
[Result "0-1"]
[WhiteElo "1000"]
[BlackElo "1836"]
[PlyCount "92"]
[EventDate "2016.12.27"]
[SourceDate "2016.12.29"]

1. e4 e6 2. d4 d5 3. e5 c5 4. c3 Qb6 5. Nf3 Nc6 6. a3 Nh6 7. Bd3 cxd4 8. cxd4
Bd7 9. Bc2 Nf5 10. Bxf5 exf5 11. Nc3 Be6 12. O-O h6 13. b4 Be7 14. Na4 Qd8 15.
Nc5 Qb6 16. Bb2 O-O 17. Qd3 a5 18. Nxe6 fxe6 19. b5 Na7 20. a4 Rfc8 21. Rac1
Qd8 22. Nd2 Rxc1 23. Rxc1 Bg5 24. Rc5 Be7 25. Rc2 Bb4 26. Bc3 Qe7 27. Bb2 Nc8
28. Nb1 Nb6 29. Qb3 Nc4 30. Rxc4 dxc4 31. Qxc4 Qd7 32. h3 Rc8 33. Qb3 Kf7 34.
Qf3 g5 35. Qh5+ Kg7 36. Qe2 Qd5 37. Qd3 Qa2 38. Ba3 Bxa3 39. Nxa3 Qa1+ 40. Kh2
Rc3 41. Qd2 Qxa3 42. d5 Qb4 43. Qd1 Qf4+ 44. g3 Qxf2+ 45. Kh1 Rc2 46. dxe6 Qg2#
0-1

[Event "Olexuv memorial 2016"]
[Site "?"]
[Date "2016.12.29"]
[Round "5.9"]
[White "Koci, Milos"]
[Black "Kriz, Tomas"]
[Result "0-1"]
[WhiteElo "1250"]
[BlackElo "1432"]
[PlyCount "56"]
[EventDate "2016.12.27"]
[SourceDate "2016.12.29"]

1. d4 d5 2. Bf4 e6 3. Nf3 Nf6 4. e3 c5 5. c3 Be7 6. Nbd2 O-O 7. Bd3 Nc6 8. O-O
c4 9. Bc2 Bd7 10. h3 Rc8 11. Ne5 h6 12. a3 Qb6 13. Nxd7 Nxd7 14. Rb1 Qd8 15.
Nf3 Nf6 16. Re1 Bd6 17. Bxd6 Qxd6 18. e4 Qe7 19. exd5 Nxd5 20. Qd2 Rfd8 21. Be4
Qf6 22. Bxd5 Rxd5 23. Ne5 Nxe5 24. Rxe5 Qxe5 25. Re1 Qf6 26. Qe2 b5 27. Ra1 a5
28. b4 cxb3 0-1

[Event "Olexuv memorial 2016"]
[Site "?"]
[Date "2016.12.29"]
[Round "5.10"]
[White "Richter, Rudolf"]
[Black "Dvorak, Vlastimil"]
[Result "1-0"]
[WhiteElo "1173"]
[BlackElo "1000"]
[PlyCount "67"]
[EventDate "2016.12.27"]
[SourceDate "2016.12.29"]

1. Nf3 Nc6 2. c4 e5 3. Nc3 Nf6 4. d4 exd4 5. Nxd4 Bc5 6. Nxc6 bxc6 7. b3 d5 8.
g3 O-O 9. Bg2 Be6 10. O-O Qd7 11. e3 Bh3 12. Bb2 Rad8 13. Qf3 Bd6 14. cxd5 Bg4
15. dxc6 Qe7 16. Nd5 Bxf3 17. Nxe7+ Bxe7 18. Bxf3 Rd2 19. Bc3 Rd3 20. Bd4 a5
21. Rfd1 Rxd1+ 22. Rxd1 Rd8 23. Bc3 Rxd1+ 24. Bxd1 Bb4 25. Bxb4 axb4 26. Bf3
Kf8 27. Kf1 Ke7 28. Ke2 Kd6 29. Kd3 Kc5 30. h4 Nd5 31. Bxd5 Kxd5 32. e4+ Kxc6
33. Kc4 Kd6 34. Kxb4 1-0

[Event "Olexuv memorial 2016"]
[Site "?"]
[Date "2016.12.29"]
[Round "5.11"]
[White "Brda, Vlastimil"]
[Black "Hala, Pavel"]
[Result "1-0"]
[WhiteElo "1311"]
[BlackElo "1638"]
[PlyCount "97"]
[EventDate "2016.12.27"]
[SourceDate "2016.12.29"]

1. g3 d6 2. Bg2 c6 3. e4 g6 4. c3 e6 5. Ne2 Ne7 6. d4 Bg7 7. Bg5 h6 8. Be3 d5
9. e5 b6 10. O-O Nd7 11. Nf4 h5 12. Nh3 Ba6 13. Re1 Nf5 14. Bf4 Bh6 15. Bxh6
Nxh6 16. Qf3 Qe7 17. b3 O-O-O 18. Nd2 Rdf8 19. Qe3 f5 20. Qg5 Qg7 21. c4 dxc4
22. bxc4 Bb7 23. Nf4 Re8 24. Nxh5 Qf7 25. Nf4 Nf8 26. Qf6 Qxf6 27. exf6 Ng4 28.
Nh3 Nxf6 29. Rac1 Kd8 30. Ng5 Re7 31. Ndf3 N6h7 32. Nh3 Kc7 33. Ne5 g5 34. f4
g4 35. Nf2 Ng5 36. fxg5 Reh7 37. d5 c5 38. g6 Rg7 39. d6+ Kb8 40. Nc6+ Bxc6 41.
Bxc6 Rxg6 42. Nd3 e5 43. Nxe5 Rxd6 44. Bd5 Rh7 45. Nc6+ Kc8 46. Re8+ Kc7 47.
Rxf8 Rxc6 48. Bxc6 Kxc6 49. Rf6+ 1-0

[Event "Olexuv memorial 2016"]
[Site "?"]
[Date "2016.12.30"]
[Round "5.3"]
[White "Zacek, Petr"]
[Black "Richterova, Julie"]
[Result "0-1"]
[WhiteElo "2009"]
[BlackElo "1779"]
[PlyCount "136"]
[EventDate "2016.12.27"]
[SourceDate "2016.12.30"]

1. d4 Nf6 2. c4 e6 3. Nc3 Bb4 4. e3 O-O 5. Bd3 d6 6. Qc2 Nbd7 7. Nge2 b6 8. O-O
Bxc3 9. Nxc3 Bb7 10. f3 c5 11. b3 a6 12. Bb2 Rc8 13. Qe2 Re8 14. Rfd1 Qc7 15.
Rac1 Qb8 16. a3 Qa8 17. b4 Rcd8 18. Qf2 cxd4 19. exd4 d5 20. c5 Rc8 21. a4 Rc7
22. Qg3 Rec8 23. Rc2 Qa7 24. Rb1 Nb8 25. Bc1 Nc6 26. Be3 bxc5 27. Bg5 Nh5 28.
Qh4 cxd4 29. Ne2 g6 30. b5 axb5 31. axb5 Qb6 32. Rxc6 Bxc6 33. Bd8 Bd7 34. g4
Ng7 35. Bxc7 Qxc7 36. b6 Qb7 37. Qe7 Rb8 38. Ra1 Be8 39. Qxb7 Rxb7 40. Rb1 Bd7
41. Ba6 Rb8 42. b7 Ne8 43. Nxd4 Nd6 44. Rb4 Kf8 45. Nb3 Ke8 46. Nc5 Kd8 47. Rb1
Bc6 48. Kf2 Kc7 49. Rc1 Kb6 50. Kg3 Bb5 51. Kf4 Nc4 52. Bxb5 Kxb5 53. Nd7 Rxb7
54. Rb1+ Kc6 55. Rxb7 Kxb7 56. Nf6 e5+ 57. Kg3 d4 58. Nxh7 d3 59. Kf2 Kc6 60.
Nf6 Kc5 61. h4 Kd4 62. Ne4 f5 63. gxf5 gxf5 64. Ng3 d2 65. Ke2 Kc3 66. Nf1 Kc2
67. Nxd2 Nxd2 68. h5 Nc4 0-1